[Event "Lippe Cup-B 08th"]
[Site "Lieme"]
[Date "2011.10.28"]
[Round "1"]
[White "Jost, Jan Timo"]
[Black "Schmitt, Matthias"]
[Result "0-1"]
[WhiteElo "1457"]
[BlackElo "1669"]
[PlyCount "92"]
[EventDate "2011.10.28"]
[EventType "swiss"]
[EventRounds "5"]
[EventCountry "GER"]
[SourceTitle "EXT 2012"]
[Source "ChessBase"]
[SourceDate "2011.11.24"]
[SourceVersion "1"]
[SourceVersionDate "2011.11.24"]
[SourceQuality "1"]

1. d4 d5 2. c4 e6 3. Nc3 Nf6 4. Nf3 b6 5. Bg5 Be7 6. e3 Bb7 7. cxd5 Nxd5 8. Bxe7 Qxe7 9. Nxd5 Bxd5 10. Be2 Nd7 11. 0-0 0-0 12. Rc1 c5 13. a3 Rfd8 14. Qc2 Rac8 15. Qb1 cxd4 16. Nxd4 Nc5 17. Bf3 Bxf3 18. Nxf3 g6 19. b4 Nb7 20. Rxc8 Rxc8 21. Rc1 Rc7 22. h3 Nd6 23. Rc2 Nb5 24. Rxc7 Qxc7 25. a4 Nc3 26. Qa1 Qc4 27. a5 Qxb4 28. axb6 axb6 29. Qa8+ Kg7 30. Qb8 Qc5 31. Qa7 Ne4 32. Qa1+ Qc3 33. Qb1 Qc6 34. Nd4 Qb7 35. Qb2 Nf6 36. Nb5 Qd5 37. Nc3 Qe5 38. Qb4 Nd7 39. Na4 Qc7 40. g3 Qc6 41. Qd4+ e5 42. Qb4 Qc1+ 43. Kg2 Nc5 44. Nxb6 Nd3 45. Qe4 Qc2 46. Kh1 Nxf2+ 0-1

[Event "GER-chT U14"]
[Site "Magdeburg"]
[Date "2010.12.27"]
[Round "1.3"]
[White "Anders, Eric"]
[Black "Schmitt, Matthias"]
[Result "1-0"]
[WhiteElo "1577"]
[BlackElo "1444"]
[PlyCount "77"]
[EventDate "2010.12.27"]
[EventType "team-swiss"]
[EventRounds "7"]
[EventCountry "GER"]
[SourceTitle "CBM 140 Extra"]
[Source "ChessBase"]
[SourceDate "2011.03.01"]
[SourceVersion "1"]
[SourceVersionDate "2011.03.01"]
[SourceQuality "1"]
[WhiteTeam "Langen"]
[BlackTeam "Brackweda"]
[WhiteTeamCountry "GER"]
[BlackTeamCountry "GER"]

1. e4 e5 2. Nf3 Nc6 3. Bc4 Bc5 4. Nc3 Nf6 5. d3 h6 6. 0-0 d6 7. h3 0-0 8. Re1 Be6 9. Bb3 Qd7 10. Bxe6 fxe6 11. Be3 Bb6 12. Qd2 Nd4 13. Bxd4 Bxd4 14. Nxd4 exd4 15. Ne2 e5 16. c3 dxc3 17. Nxc3 Nh5 18. d4 Qe6 19. dxe5 dxe5 20. Qd5 Qxd5 21. exd5 a6 22. Rxe5 Nf4 23. Rd1 Rae8 24. Rxe8 Rxe8 25. d6 cxd6 26. Rxd6 Re7 27. Kh2 Kf7 28. Kg3 Nh5+ 29. Kf3 Nf6 30. a3 Rd7 31. Rxd7+ Nxd7 32. Ke3 Ke6 33. f4 g6 34. g4 h5 35. Ne4 b6 36. Kd4 a5 37. a4 Nb8 38. Kc4 Nd7 39. b3 1-0

[Event "GER-chT U14"]
[Site "Magdeburg"]
[Date "2010.12.27"]
[Round "2.3"]
[White "Schmitt, Matthias"]
[Black "Puehrer, Anne"]
[Result "1-0"]
[WhiteElo "1444"]
[BlackElo "1422"]
[PlyCount "75"]
[EventDate "2010.12.27"]
[EventType "team-swiss"]
[EventRounds "7"]
[EventCountry "GER"]
[SourceTitle "CBM 140 Extra"]
[Source "ChessBase"]
[SourceDate "2011.03.01"]
[SourceVersion "1"]
[SourceVersionDate "2011.03.01"]
[SourceQuality "1"]
[WhiteTeam "Brackweda"]
[BlackTeam "Coswig"]
[WhiteTeamCountry "GER"]
[BlackTeamCountry "GER"]

1. e4 c5 2. Nf3 d6 3. d4 cxd4 4. Nxd4 Nf6 5. Nc3 a6 6. Be3 e6 7. Bd3 Be7 8. 0-0 Nbd7 9. Qf3 Qc7 10. Rfe1 Ne5 11. Qg3 Ng6 12. Rad1 Bd7 13. Be2 Rc8 14. f4 Qa5 15. Nb3 Qd8 16. Qf2 Rxc3 17. bxc3 Nxe4 18. Qf3 Nxc3 19. Ra1 Bc6 20. Qf2 Bh4 21. g3 Ne4 22. Qf1 Bf6 23. Nd4 Nd2 24. Qf2 Ne4 25. Qf1 Nc3 26. Nxc6 Nxe2+ 27. Qxe2 bxc6 28. Rab1 Bc3 29. Red1 a5 30. Qc4 Bb4 31. c3 Ba3 32. Rb3 0-0 33. Rxa3 Qc7 34. Rb3 d5 35. Qd4 Rc8 36. Qb6 Qd6 37. Bc5 Qd7 38. Qxa5 1-0